FAO conservation guide N25 Wildlife utilization in Latin America: Current situation and prospects for sustainable management
This is the twin focus of the FAO Forestry Department's concern for Latin American wildlife and for the major ecological, economic and cultural implications of the role of wildlife
Spremljeno u:
| Glavni autor: | |
|---|---|
| Format: | Knjiga |
| Jezik: | Undetermined |
| Izdano: |
Rome
FAO
1997
|
| Teme: | |
| Oznake: |
Dodaj oznaku
Bez oznaka, Budi prvi tko označuje ovaj zapis!
|
| Thư viện lưu trữ: | Trung tâm Học liệu Trường Đại học Cần Thơ |
|---|
| LEADER | 00795nam a2200205Ia 4500 | ||
|---|---|---|---|
| 001 | CTU_22168 | ||
| 008 | 210402s9999 xx 000 0 und d | ||
| 082 | |a 631 | ||
| 082 | |b F218/N25 | ||
| 100 | |a Juhani Ojasti | ||
| 245 | 0 | |a FAO conservation guide N25 | |
| 245 | 0 | |b Wildlife utilization in Latin America: Current situation and prospects for sustainable management | |
| 245 | 0 | |c Juhani Ojasti, FAO | |
| 260 | |a Rome | ||
| 260 | |b FAO | ||
| 260 | |c 1997 | ||
| 520 | |a This is the twin focus of the FAO Forestry Department's concern for Latin American wildlife and for the major ecological, economic and cultural implications of the role of wildlife | ||
| 650 | |a natural resources | ||
| 904 | |i Nguyễn Quang Điền, 980324 | ||
| 980 | |a Trung tâm Học liệu Trường Đại học Cần Thơ | ||